Seasonality, non-stationarity and the forecasting of monthly time series.

Skúmajú sa dva prognostické modely pre mesačné časové rady. Metóda na empirické rozlíšenie týchto dvoch modelov. Zhodnotenie účinnosti modelov.

Enregistré dans:
Détails bibliographiques
Auteur principal: Franses, P.H
Format: Chapitre de livre
Langue:anglais
Sujets:
Tags: Ajouter un tag
Pas de tags, Soyez le premier à ajouter un tag!

MARC

LEADER 00000naa a2200000 4500
001 r006187
005 20221130103413.7
041 0 |a eng 
044 |a NL 
245 1 0 |a Seasonality, non-stationarity and the forecasting of monthly time series.  |c P.H. Franses 
520 |a Skúmajú sa dva prognostické modely pre mesačné časové rady. Metóda na empirické rozlíšenie týchto dvoch modelov. Zhodnotenie účinnosti modelov. 
610 2 0 |a modely prognostické 
610 2 0 |a rady časové 
100 1 |a Franses, P.H.